[Event "CZE-ch"]
[Site "Luhacovice"]
[Date "2003.02.23"]
[Round "6"]
[White "Haba, Petr"]
[Black "Navara, David"]
[Result "1/2-1/2"]
[WhiteElo "2516"]
[BlackElo "2580"]
[Annotator "Krasenkow,M"]
[PlyCount "39"]
[EventDate "2003.02.18"]
[EventType "tourn"]
[EventRounds "11"]
[EventCountry "CZE"]
[EventCategory "9"]
[SourceTitle "CBM 094"]
[Source "ChessBase"]
[SourceDate "2003.05.26"]
[SourceVersion "1"]
[SourceVersionDate "2003.05.26"]
[SourceQuality "1"]

1. d4 Nf6 2. c4 g6 3. Nc3 d5 4. cxd5 Nxd5 5. e4 Nxc3 6. bxc3 Bg7 7. Nf3 c5 8.
Rb1 O-O 9. Be2 b6 10. O-O Bb7 11. Qd3 e6 {This ingenuous move is quite
playable. The knight can go to c6 or d7, or Black can play ...Ba6, depending
on the situation.} (11... Ba6 12. Qe3 Bxe2 13. Qxe2 e6 $14) 12. Bg5 (12. dxc5
$6 Qxd3 13. Bxd3 Nd7 $44) (12. Bf4 {looks logical but meets a tactical riposte:
} cxd4 $1 (12... Nd7 13. Qe3 (13. Rfe1 Re8 14. Rbd1 Rc8 15. Bf1 a6 16. Qb1 cxd4
17. cxd4 Qe7 18. d5 exd5 19. exd5 Qa3 20. Rxe8+ Rxe8 $132 {Kakageldyev,
A-Sideif_Zade,F/USSR 1984/Inf 38 (20)}) 13... Rc8 $6 (13... Nf6) 14. Bd6 Re8
15. e5 cxd4 16. cxd4 Rc2 17. Rfc1 Rxa2 18. Rc7 $16 {1-0 Pietila,J-Welin,T/FIN
1989/EXT 97 (32)}) (12... Nc6 $5 13. dxc5 Qc8 14. Bd6 Rd8 15. Qe3 Na5 16. e5
Bd5 17. cxb6 axb6 $44 {0-1 Kummer,H-Palkovi,J/AUT 1999/EXT 2001 (28)}) 13. cxd4
Nc6 $1 (13... Nd7 14. Rbc1 Nf6 15. Nd2 Rc8 16. f3 Qd7 17. Nc4 Nh5 18. Be3 Rfd8
19. g4 Nf6 20. Ne5 Qa4 $132 {1/2-1/2 Rubal,A-Studnicka,T/Lahucovice CZE 2003/
The Week in Chess 435 (55)}) 14. Rfd1 (14. d5 exd5 15. exd5 Ne7 16. d6 Nd5 17.
Bg3 Rc8 18. Rbc1 Nc3 19. Bd1 Rc5 20. Bb3 Be4 $15 {1-0 Andersson,M-Heinola,V/
Sweden SWE 2003/The Week in Chess 437 (37)}) 14... Nxd4 $5 15. Nxd4 e5 16. Be3
exd4 17. Bxd4 Bxd4 18. Qxd4 Qxd4 19. Rxd4 Rfd8 {and Black is even slighly
better in this endgame:} 20. Rbd1 (20. Rxd8+ Rxd8 21. f3 Bc8 22. Bc4 Kf8 {
1/2-1/2 Shipov,S-Dvoirys,S/Cappelle la Grande 1995/EXT 97 (42)}) 20... Rxd4 21.
Rxd4 Kf8 $15 {Gretarsson,H-Dvoirys,S/Leeuwarden op/1995/0:1/47/}) (12. Rd1 $5 {
is a normal move, after which} cxd4 {is not quite satisfactory for Black:} (
12... Nd7 $5 13. Bg5 Qc7) (12... Qd6 13. Qe3 Nd7 14. Ba3 Qc7 15. e5 Rfc8 16.
Ng5 Bh6 $13 {0-1 Stoeber,M-Roeder,M/GER 1998/EXT 2000 (32)}) (12... Ba6 $5) 13.
cxd4 Qd7 (13... Ba6 14. Qe3 Bxe2 15. Qxe2 Qc8 (15... Qd7 16. d5 exd5 17. Bb2 d4
18. Bxd4 Bxd4 19. Rxd4 Qe7 20. Rc1 $16 {1/2-1/2 Pira,D-Vareille,F/FRA 2002/EXT
2003 (28)}) 16. Be3 (16. Ba3 $5 Rd8 17. Ne5) 16... Qa6 17. Qxa6 Nxa6 18. Nd2 {
1/2-1/2 Karelin,E-Ivanovic,Z/ICCF Email 2000/ICCF tele 09/2001 (18)}) 14. Bf4
Qa4 15. Qe3 Ba6 16. Bxa6 Qxa6 17. h4 Nd7 18. h5 Nf6 19. hxg6 hxg6 20. Ng5 $40 {
1-0 Salov,V-Mikhalchishin,A/Ivano Frankovsk 1982/EXT 99 (37)}) 12... Qc7 {
This move is connected with the knight development to d7. Other options:} (
12... Qd6 $5 13. Qe3 Rc8 (13... cxd4 14. cxd4 Nc6 (14... Rc8 15. h4 (15. Bf4
Qf8 16. Rbc1 Nd7 17. Bc4 Nf6 18. Nd2 a6 19. Rfe1 b5 20. Bd3 Rxc1 21. Rxc1 Rc8
$11 {0-1 Genova,R-Krupkova,P/Ostrava 1999/CBM 70 ext (37)}) 15... Nc6 16. e5
Qf8 17. h5 Nb4 18. Qd2 a5 19. Rfc1 h6 20. Be3 Be4 $15 {0-1 Ligterink,
G-Chandler,M/Amsterdam 1984/Inf 38 (36)}) 15. Rfd1 Rfc8 16. Bh6 (16. d5 exd5
17. exd5 Ne5 18. Nxe5 Bxe5 19. f4 Bf6 20. Bxf6 Qxf6 21. d6 Re8 22. Qd2 Bc6 23.
Bb5 Bxb5 24. Rxb5 Rad8 25. d7 Re4 {Bonin,J-Stone,R/New York Manhattan/1989/1/
2-1/2 (37)}) 16... Rd8 $6 (16... Bh8) 17. Bxg7 Kxg7 18. h4 h5 19. Rb5 Na5 20.
Rg5 Qc6 21. d5 exd5 22. Nd4 Qa4 23. e5 Nc6 24. Rxh5 gxh5 25. Nf5+ Kf8 26. Qh6+
Ke8 27. e6 {1-0 Chuchelov,V-Stone,R/Hamburg Wichern op (08)/1993/}) 14. Rfd1 (
14. Bh6 Nd7 (14... Bh8 $5) 15. Bxg7 Kxg7 16. Bb5 cxd4 17. cxd4 Rc7 18. Bxd7
Rxd7 19. h4 h5 20. Rfc1 Rc8 21. Rxc8 Bxc8 22. d5 Bb7 23. Nd4 exd5 24. e5 $44 {
1/2-1/2 Moiseenko,A-L'Ami,E/Dieren 2001/CBM 83 ext (43)}) 14... cxd4 (14... Nd7
15. Bb5 $1 (15. dxc5 Qc7 16. cxb6 axb6 17. Nd4 Bf8 $44 {0-1 Feige,M-Jansa,V/
Germany 2002/CBM 88 ext (58)}) 15... Bc6 16. Bf4 (16. Ba6 Re8 17. h4 Qf8 18. h5
h6 19. hxg6 $5 hxg5 20. Nxg5 fxg6 21. Qh3 Nf6 (21... Qf6 $5) 22. Bc4 Bd7 23. e5
Nh5 $13 {1/2-1/2 Ernst,S-Beaumont,C/Lichfield 2000/CBM 77 ext (44)}) (16. Bxc6
Qxc6 17. d5 exd5 18. Rxd5 b5 19. Rbd1 Nb6 20. Rd6 Qe8 21. Qf4 $5 Nc4 (21... Na4
$1 $13) 22. Rd7 $36 {1-0 Zontakh,A-Colovic,A/Lazarevac 1999/CBM 73 ext (34)})
16... Qe7 17. Bxc6 Rxc6 18. d5 exd5 19. exd5 Qxe3 20. Bxe3 Rcc8 21. c4 $14 {
Vera,R-Valdes,L/Saint-Vincent 81/(386) 2001 (21)}) (14... Qf8 $5 15. h4 h6 16.
Bf4 Nd7 17. e5 cxd4 18. cxd4 Bd5 19. a4 Rc7 20. Nd2 Rac8 21. Ne4 Bxe4 22. Qxe4
Qe7 23. Bd2 f5 24. exf6 Qxf6 $14 {1-0 Gofshtein,L-Spiekermann,S/Lausanne 2000/
CBM 76 ext (50)}) 15. cxd4 Nd7 {This move is the most common but not the best.}
(15... Nc6 $5 16. Bh6 Na5 17. Bxg7 Kxg7 18. Ne5 f5 19. exf5 exf5 20. d5 Rc5 21.
Nc6 f4 22. Qd4+ Qf6 23. Nb4 Rd8 $11 {1-0 Enklaar,B-Van de Plassche,B/NED 1995/
EXT 99 (70)}) (15... Qf8 $5 16. h4 h6 (16... Nd7) 17. Bf4 Nd7 18. e5 a6 19. a4
$14 {1-0 Kohlweyer,B-Coenen,N/GER 1999/EXT 2000 (46)}) {and now} 16. Bb5 $1 {
preventing ...Qf8} ({The rest is quite satisfactory for Black:} 16. h4 Qf8 17.
e5 Rc7 $13 {Haba,P-Jansa,V/Turnov(CZE-ch)/1996/}) (16. Ne1 Qf8 17. e5 Rc7 18.
Rdc1 Rac8 19. Bb5 Nb8 20. Rxc7 Rxc7 21. Rc1 Qc8 $11 {1-0 Blocker,C-Stone,R/
East Detroit 1985/EXT 2002 (42)}) (16. e5 Qf8 17. Nd2 Bd5 18. a4 f6 19. exf6
Nxf6 20. Bf3 Rc6 $11 {1/2-1/2 Civin,T-Navara,D/Pardubice 2000/EXT 2001 (51)}) (
16. Bf4 Qf8 17. Bb5 Nf6 18. Nd2 Rc2 $132 19. Qb3 $2 Rac8 20. Bc4 Bxe4 21. Nxe4
R8xc4 $19 {0-1 Gomez Jurado,L-Jansa,V/Andorra 1998/EXT 2003 (23)}) (16. Bd3 Rc3
17. e5 Qa3 18. Qe2 Rac8 19. Ne1 Bf8 20. Nc2 Qxa2 $13 {1-0 Magai,V-Rowson,J/
Yerevan 1996/EXT 97 (41)}) 16... Rc2 (16... Nf8 17. Ba4 (17. Bf4 Qe7 18. d5
exd5 19. exd5 Qxe3 20. Bxe3 a6 21. Ba4 b5 22. Bb3 Nd7 23. d6 h6 24. Rbc1 {
1/2-1/2 Cech,P-Konopka,M/CZE 1997/EXT 98 (24)}) 17... Bc6 18. Bb3 Nd7 19. d5
exd5 20. exd5 Bb7 21. Be7 Qc7 22. d6 Qc5 23. Qf4 {1-0 Gormally,D-Moore,G/
Scarborough 2001/CBM 83 ext (23)}) 17. e5 (17. Ba4 Rxa2 18. e5 Qd5 19. Bb3 Qa5
20. d5 Bxd5 21. Bxd5 exd5 22. e6 Nf6 23. exf7+ Kxf7 24. Rbc1 $40 {1-0 Yevseev,
D-Coenen,N/Groningen 1998/EXT 2000 (35)}) 17... Qc7 18. Ba4 Rc4 19. Rbc1 Nf8
20. Bb5 Rc2 21. Ne1 Rxc1 22. Rxc1 Qb8 23. Be7 $16 {1-0 Dobrev,I-Gross,S/
Elenite 1986/EXT 97 (41)}) (12... Qc8 {has been tried in one game, with a good
outcome for Black:} 13. Rfd1 Ba6 14. Qe3 Bxe2 15. Qxe2 Qa6 16. Qd2 Nd7 17. h4
Qa5 18. Rbc1 cxd4 19. cxd4 Qxd2 20. Nxd2 Rfc8 21. Nc4 Bf8 22. Bf4 Be7 23. Nd6
Bxd6 24. Bxd6 f5 $1 25. exf5 exf5 $11 {0-1 Browne,W-Ehlvest,J/San Francisco
2000/EXT 2001 (58)}) 13. d5 {This move was recommended by V.Kortschnoj.} (13.
Qe3 $5 Rc8 (13... Nd7 14. e5 Rac8 15. Nd2 (15. Rfe1 Rfe8 16. Bb5 Bc6 {1/2-1/2
Langeweg,K-Jansa,V/La Valetta 1980/EXT 2000 (16).}) 15... cxd4 16. cxd4 Qc3 17.
Bb5 $1 Qxe3 18. fxe3 Rc2 19. Rf2 Nb8 20. Nc4 Rxf2 21. Kxf2 f6 22. exf6 Bxf6 23.
Bxf6 Rxf6+ 24. Kg3 $16 {1-0 Jussupow,A-Brinck Claussen,B/Plovdiv 1983/EU-chT 
(35)}) 14. Rfd1 cxd4 (14... Nd7 $5 15. e5 cxd4 16. cxd4 Qc3 17. Qf4 Qa3 18. Bh6
Bxh6 19. Qxh6 Qf8 20. Qe3 Rc7 $132 {0-1 Plachkinova,T-Genova,R/Plovdiv 2001/
CBM 81 ext (54)}) 15. cxd4 Nd7 16. Bb5 (16. d5 exd5 17. exd5 Qc5 18. d6 Qxe3
19. Bxe3 Rc2 20. Bd3 Rc3 (20... Rxa2 $5 21. Bb5 $5) 21. Bb5 Rd8 22. Rbc1 Nc5
23. Bxc5 bxc5 24. d7 $13 {Ivanov,S-Dvoirys,S/Elista(RUS-ch)/1995/0,5/41/})
16... Nf6 17. Rbc1 Qb8 18. Rxc8+ Qxc8 19. Rc1 $14 {0-1 Bacrot,E-Horvath,J/
Balatonbereny 1996/CBM 55/[Kortschnoj] (31)}) 13... exd5 (13... c4 14. Qxc4
Qxc4 15. Bxc4 Rc8 16. Bb3 exd5 17. exd5 Rxc3 18. Rbc1 (18. Rfe1 $14) 18... Nd7
$14 {V.Kortschnoj}) 14. exd5 Qd6 {A simple course, which proves sufficient for
equality.} 15. c4 Nd7 16. Qd2 Rae8 17. Rfe1 Bc8 18. h3 Ne5 19. Nxe5 Bxe5 20.
Bh6 1/2-1/2

[Event "GER CupT final"]
[Site "Berlin"]
[Date "2003.03.23"]
[Round "2.2"]
[White "Graf, Alexander"]
[Black "Krasenkow, Michal"]
[Result "1/2-1/2"]
[WhiteElo "2630"]
[BlackElo "2633"]
[Annotator "Krasenkow,M"]
[PlyCount "56"]
[EventDate "2003.03.22"]
[EventType "team"]
[EventRounds "2"]
[EventCountry "GER"]
[SourceTitle "CBM 095"]
[Source "ChessBase"]
[SourceDate "2003.07.25"]
[SourceVersion "1"]
[SourceVersionDate "2003.07.25"]
[SourceQuality "1"]
[WhiteTeam "Porz"]
[BlackTeam "Baden Oos"]
[WhiteTeamCountry "GER"]
[BlackTeamCountry "GER"]

1. d4 Nf6 2. c4 g6 3. Nc3 d5 4. cxd5 Nxd5 5. e4 Nxc3 6. bxc3 Bg7 7. Be3 c5 8.
Qd2 cxd4 9. cxd4 Nc6 10. Bb5 {About this line - see Graf-Gustafsson in CBM93.}
(10. Rd1 {is the older, quite harmless move.}) 10... Bd7 11. Rb1 O-O 12. Nf3 $5
$146 {[%mdl 8] An important improvement. Subtle considerations (control of the
e5 square) bring us to the conclusion that the knight is better placed on f3
in this particular position.} (12. Ne2 a6 13. Bd3 (13. Bxc6 $5 Bxc6 14. d5 Bb5
15. Nd4) 13... b5 14. h4 Qa5 15. Qxa5 Nxa5 16. Kd2 Rfc8 17. Rhc1 e6 {1/2-1/2
Vyzmanavin,A-Huzman,A/Vilnius 1995/CBM 50 ext (17)}) 12... b6 {I didn't like
this move weakening the a6 square but failed to find anything better.} (12...
a6 13. Be2 (13. Bxc6 $5 Bxc6 14. d5 Bb5 15. Nd4) (13. Bd3 $5 Bg4 $140 14. d5
Bxf3 15. dxc6 $16) 13... b5 14. d5 Na5 (14... Qa5 15. Rc1) 15. Bh6 $36) (12...
Bg4 13. d5 (13. Bxc6 $143 bxc6) 13... Bxf3 14. gxf3 Ne5 15. Be2 $14 {leads to
a typical position, slightly preferable for White, due to his bishop pair.}) ({
Finally,} 12... Na5 $4 {loses a piece after} 13. Bxd7 Nc4 14. Qc3 Nxe3 15. Bh3)
13. O-O {Too soft!} (13. Bh6 {, planning h4-h5, deserved serious attention.})
13... Na5 14. Qe2 $5 f5 {The only logical plan of counterplay!} 15. Bd2 {
This leads to complications quite satisfactory for Black.} (15. a4 $5 {[%cal
Ye2a2]}) (15. Bd3 $5) 15... fxe4 16. Ng5 (16. Bxd7 Qxd7 17. Qxe4 Nc4) 16...
Bxb5 17. Rxb5 Qd7 $6 {An inaccurate move causing new problems for Black.} (
17... a6 $142 $1 18. Rbb1 (18. Ne6 $2 Qd6) 18... Qd5 19. Bxa5 (19. Rxb6 $6 Nc4)
19... bxa5 20. Nxe4 Bxd4 $11) 18. Bxa5 bxa5 19. Qc4+ Kh8 20. Rxa5 $6 {This
pawn isn't worth a tempo.} (20. Rd5 $5 Rfc8 $1 21. Qb3 a4 $1 22. Rxd7 axb3 23.
axb3 Rcb8 24. Rxe7 Bf6 25. Nf7+ Kg8 26. Nh6+ Kh8 27. Rxe4 Rxb3 $14) (20. Ne6
$142 Rfc8 21. Rc5 $1 Rab8 22. d5 $14) 20... Qxd4 $1 {White overlooked this
tactical trick.} 21. Nf7+ (21. Qxd4 Bxd4 22. Ne6 Bb6 $1 23. Re5 Rxf2 $1 24.
Rxf2 Rc8 $17) (21. Ra4 $142 $5 $11) 21... Rxf7 22. Qxf7 Rf8 $36 23. Qd5 $8 (23.
Qe6 $2 Rxf2 $1 {The point of the whole operation.} 24. Rd5 (24. Rxf2 Qa1+ 25.
Rf1 Bd4+ 26. Kh1 Qxf1#) 24... Rf8+ 25. Rxd4 Bxd4+ 26. Rf2 Rxf2 27. Qc4 e5 $19 {
[%csl Ge4]}) 23... e3 $1 24. Qxd4 {A correct decision. It would be much more
difficult for White to defend with the queens on the board:} (24. Qe6 exf2+ ({
but not} 24... Rxf2 25. Qc8+ Bf8 26. Rxf2 exf2+ 27. Kf1 {and Black must give a
perpetual}) 25. Kh1 Qd3 26. Qa6 Qd2 27. Qxa7 $6 e5 {[%cal Ye5e2]}) ({or} 24.
Qb5 exf2+ 25. Kh1 Qe3 {etc}) 24... Bxd4 25. Rd5 exf2+ 26. Kh1 e5 (26... Rf4 $5
27. g3 Re4 28. Kg2 Kg7 $15 {was Black's last chance to fight for a win.}) 27.
Rd7 $1 {My king is now cut off and the draw is inevitable. White's plan is to
free his rook (g3, Kg2) and then activate it (Rb1 or c1).} Re8 (27... Bb6 28.
Re7) 28. g3 Bb6 (28... e4 29. Rxd4 e3 30. Kg2 e2 31. Kxf2 exf1=Q+ 32. Kxf1 $11)
(28... Bb6 29. Kg2 e4 30. Rxf2 Bxf2 31. Kxf2 $11 {[%csl Ra7,Re4]}) 1/2-1/2

[Event "RUS-ch"]
[Site "Krasnodar"]
[Date "2002.08.27"]
[Round "1"]
[White "Iljushin, Alexei"]
[Black "Alikhanov, Felix"]
[Result "1-0"]
[WhiteElo "2526"]
[BlackElo "2364"]
[Annotator "Krasenkow,M"]
[PlyCount "78"]
[EventDate "2002.08.27"]
[EventType "swiss"]
[EventRounds "9"]
[EventCountry "RUS"]
[SourceTitle "CBM 091"]
[Source "ChessBase"]
[SourceDate "2002.11.12"]
[SourceVersion "1"]
[SourceVersionDate "2002.11.12"]
[SourceQuality "1"]

1. d4 Nf6 2. c4 g6 3. Nc3 d5 4. cxd5 Nxd5 5. e4 Nxc3 6. bxc3 Bg7 7. Be3 c5 8.
Qd2 O-O 9. Rc1 Qa5 {This order of moves is not very accurate as after} 10. d5 {
, with idea c3-c4, White creates a strong pawn centre, without any
compensation for Black.} f5 {The other moves seen in practice:} (10... b6 11.
Nf3 (11. c4 $5) 11... e6 12. Be2 Na6 13. O-O exd5 14. exd5 Re8 15. d6 Be6 16.
Ng5 Rad8 17. Nxe6 Rxe6 18. Bf4 $36 {0-1 Meduna,E-Gutman,L/Porz 1988/CBM 10 (64)
}) (10... Nd7 11. Nf3 (11. c4 Qxd2+ 12. Kxd2 f5 13. exf5 gxf5 14. Nh3 e5 15.
dxe6 Nf6 16. Nf4 $16 {1-0 Syre,C-Berndt,S/Germany 1993/EXT 97-B (56)}) 11...
Nb6 (11... Rd8 12. Bd3 Nf6 13. c4 Qxd2+ 14. Nxd2 b6 15. h3 Ne8 16. f4 Bb7 17.
Rb1 $16 {1/2-1/2 Kalinin,O-Kozlov,V/Katowice 1990/EXT 97 (81)}) 12. Bh6 Rd8 13.
Bxg7 Kxg7 14. h4 Qa4 15. Bd3 Nc4 16. Qe2 Nd6 17. h5 Bg4 18. Qe3 $16 Bxh5 $2 19.
g4 Bxg4 20. Qh6+ {1-0 Nikitin,A-Klotz,E/St Ingbert 1991/EXT 97 (20)}) (10...
Rd8 11. c4 Qxd2+ 12. Kxd2 b6 13. Bd3 Nd7 14. f4 Ba6 (14... e5 15. Nf3 $14 (15.
f5 gxf5 16. exf5 Nf6 17. Rf1 $2 {1-0 Ksieski,Z-Gerlach,S/Crailsheim 1995/EXT
99 (41)} Nxd5 $1 18. cxd5 Rxd5 $19 {[%cal Rc8a6,Rd5d3]})) 15. Ne2 Nf6 16. h3 e6
17. Nc3 Ne8 18. Ke2 (18. a4 $5) 18... Nd6 19. dxe6 fxe6 20. Nb5 Nxb5 21. cxb5
Bb7 22. Rhd1 $14 {1-0 Kunte,A-Fuhrmann,D/Mamaia 1991/EXT 97 (50)}) (10... Qa4
11. Bd3 f5 12. f3 b6 13. Ne2 fxe4 14. Bxe4 Bf5 15. Ng3 Nd7 16. O-O Rad8 17.
Nxf5 gxf5 18. Bc2 Qa3 19. Bb3 $16 {1-0 Praszak,M-Gonsior,E/CSR 1991/EXT 2002 
(43)}) (10... e6 {the main line} 11. c4 Qxd2+ (11... Qc7 12. Nf3 b6 13. Be2 f5
14. exf5 exf5 15. d6 Qc6 16. Ng5 Bb7 17. Bf3 Qd7 18. Bd5+ Kh8 19. Be6 Qc6 20.
d7 $18 {1/2-1/2 Ksieski,Z-Kleiser,G/Liechtenstein 1994/EXT 97 (80)}) 12. Kxd2
b6 13. Bd3 (13. Ne2 $143 Rd8 (13... f5 $5 14. f3 Nd7 15. Nf4 Ne5 16. exf5 exd5
17. Nxd5 Bxf5 $11 {0-1 Knaak,R-Tseshkovsky,V/Sochi 1980/MCD (27)}) 14. Nc3 Nc6
15. Bd3 Ba6 16. f4 Nb4 17. Be2 f5 $1 18. a3 Nc6 $132 {1-0 Krasenkow,M-Lobo
Rodriguez,J/Andorra 1991/EXT 97 (40)}) 13... exd5 14. exd5 (14. cxd5 $142 $14)
14... Nd7 15. Nf3 Ne5 16. Nxe5 Bxe5 17. Rhe1 Re8 18. Re2 Bg4 19. f3 Bd7 20. g3
Bd6 21. Rce1 Kg7 22. Bg5 {1/2-1/2 Keck,I-Von Auer,U/Wuerttemberg 1995/GER (22)}
) 11. exf5 (11. Bd3 {is harmless:} fxe4 12. Bxe4 Nd7 (12... Bf5 $5 13. Bxf5
Rxf5 14. c4 Qxd2+ 15. Kxd2 e6 16. dxe6 Nc6 $132 {0-1 Lovass,I-Karsa,L/
Szekszard 1989/TD (64)}) 13. Ne2 Nf6 14. Bf3 Ng4 15. Bxg4 Bxg4 16. f3 Bf5 17.
O-O Rad8 $36 {0-1 Florean,A-Ionescu,D/Baile Tusnad 2001/CBM 80 ext (32)}) ({Or
} 11. f3 fxe4 12. fxe4 Nd7 13. Nf3 Nf6 (13... Ne5 $143 14. Be2 a6 15. O-O Bd7
16. h3 Rac8 17. Bg5 e6 $2 18. Be7 Rfe8 19. Nxe5 Bxe5 20. d6 $16 {1-0 Medina
Romero,J-Minana Menor,A/Cala Galdana 1999/CBM 73 ext (23)}) 14. Bd3 c4 15. Bb1
Bg4 16. Nd4 Rad8 17. O-O Bd7 18. h3 e6 19. dxe6 Bxe6 20. Qe2 Bf7 21. Nf3 Rfe8
22. Bd4 Rd7 23. Nd2 Nh5 24. Qe3 Qd8 $13 {0-1 Sigurbjoernsson,S-Kristjansson,S/
Reykjavik 1997/EXT 2000 (29)}) 11... Bxf5 12. Nf3 {Other plans:} (12. Be2 $6
Rd8 13. Bf3 c4 14. Bd4 e5 15. dxe6 Nc6 16. Ne2 Ne5 17. O-O Nxf3+ 18. gxf3 Bxe6
$17 {1-0 Pribyl,J-Gustafsson,F/Eksjo 1983/EXT 2001 (41)}) (12. Ne2 Nd7 (12...
Na6 13. Ng3 Bd7 14. h4 Rad8 15. h5 Be6 16. hxg6 hxg6 17. Bc4 Nc7 18. Bh6 $16 {
1-0 Petronic,J-Turov,M/Tivat 1995/EXT 2000 (22)}) 13. Ng3 e6 14. Be2 Nf6 (14...
Rae8 $5) 15. Nxf5 exf5 16. f3 Rfe8 17. Kf2 Nh5 $6 (17... Rad8 $13) 18. d6 Kh8
19. Bg5 Bf6 20. Bxf6+ Nxf6 21. Rb1 b6 22. Bb5 $16 {1-0 Spacek,P-Pribyl,J/
Karvina 1985/EXT 2002 (44)}) 12... Nd7 13. Be2 Nf6 14. c4 Qa3 15. O-O Ne4 16.
Qe1 Qxa2 {Black has won a pawn but White maintains good compensation due to
his strong d5 pawn and weaknesses in Black's camp.} 17. Nh4 b6 (17... Nc3 18.
Rxc3 $1 Bxc3 19. Qxc3 Qxe2 20. Nxf5 Rxf5 (20... gxf5 $143) 21. Re1 Qg4 22. Bxc5
{with an excellent compensation for the exchange.}) 18. Nxf5 gxf5 19. Bd3 Qb2
20. Bxe4 fxe4 21. Bd2 Bd4 $2 {After this loss of time White is definitely
better.} (21... e6 $1 {apparently gives Black good counterplay:} 22. d6 (22.
Bc3 Bxc3 23. Rxc3 exd5 24. cxd5 Rad8) 22... Qe5 23. Bc3 Qxd6 24. Bxg7 Kxg7 25.
Qxe4 $44) 22. Bc3 Bxc3 23. Rxc3 Rf4 24. Re3 Qd4 25. g3 Rf7 (25... Rg4 26. Qe2)
26. Rxe4 {White has restored the material balance and Black's position is full
of weaknesses.} Qf6 27. Qe2 Raf8 28. f4 Qg7 29. Kh1 Rd8 30. Re1 a6 31. Re5 Kf8
32. Ra1 {A usual story: with his passive pieces and numerous weaknesses, Black
turns out to be weaker on the side where, theoretically, he must be stronger.}
a5 33. Qb2 {[%csl Rb6]} Rf6 34. Rae1 Rd7 35. R1e2 {Don't hurry when your
opponent is completely passive!} Qf7 36. Kg2 Qg7 37. Qb5 Rc7 $2 {This fastens
Black's defeat.} (37... Rd8 $142) 38. Re6 Rxe6 39. Rxe6 Qc3 {Black lost on
time.} (39... Qc3 40. Rxb6 $18) 1-0

[Event "RUS-ch"]
[Site "Krasnodar"]
[Date "2002.09.01"]
[Round "6"]
[White "Diu, Viacheslav"]
[Black "Shomoev, Anton"]
[Result "0-1"]
[WhiteElo "2451"]
[BlackElo "2533"]
[Annotator "Krasenkow,M"]
[PlyCount "83"]
[EventDate "2002.08.27"]
[EventType "swiss"]
[EventRounds "9"]
[EventCountry "RUS"]
[SourceTitle "CBM 091"]
[Source "ChessBase"]
[SourceDate "2002.11.12"]
[SourceVersion "1"]
[SourceVersionDate "2002.11.12"]
[SourceQuality "1"]

1. d4 Nf6 2. c4 g6 3. Nc3 d5 4. cxd5 Nxd5 5. e4 Nxc3 6. bxc3 Bg7 7. Nf3 c5 8.
Rb1 O-O 9. Be2 b6 10. O-O Bb7 11. Qd3 Ba6 12. Qe3 Qd7 13. Bxa6 Nxa6 14. d5 Qa4
15. Qe2 $1 {A fresh attempt to fight for an advantage in this line.} (15. Rb3 {
-see Clavijo-Mikhalchishin in CBM79.}) 15... Nc7 {Black allows c3-c4, which
gives White a small plus.} (15... Bxc3 $2 {doesn't work in view of} 16. Rb3 {
[%cal Rb3a3]} Bb4 17. Ne5 Rac8 18. Rh3 c4 19. Qe3 {[%cal Re3h6] 1-0 Najer,
E-Yuferov,S/St Petersburg 2000/EXT 2001 (19).}) 16. c4 {[%csl Gc4,Gd5,Ge4]
[%cal Re4e5]} e5 {[%cal Yc7e8,Ye8d6]} 17. Rb3 (17. Nd2 $5 {[%cal Yc1b2,Yf2f4]
deserved attention just giving up the a2 pawn but intending to push f2-f4 as
soon as possible:} Ne8 (17... Qxa2 18. Bb2 f6 19. Bc3 (19. Qe3 {[%cal Yf2f4,
Ye3h3]})) 18. Bb2 Nd6 19. f4 Rae8 20. Qd3 $14) 17... Ne8 18. Bb2 f6 19. Ra3 Qd7
20. Nd2 Nd6 $11 {Black has consolidated his position. Now f2-f4 is not too
dangerous for him.} 21. Rh3 $6 {White starts playing without plan and
gradually loses the positional battle.} (21. f4 $2 exf4 22. Rxf4 Bh6) (21. g3
Rae8 22. f4 $5 {was quite possible, with a double-edged position after} exf4 ({
or} 22... f5 23. Nf3 exf4 24. e5 $44) 23. gxf4 Nxe4 24. Nxe4 f5 25. Nxc5 Rxe2
26. Nxd7 Bxb2 27. Rxa7) 21... Rae8 22. Qd3 (22. f4 exf4 23. Rxf4 Qa4 $1 $36)
22... f5 23. Qc2 $2 (23. exf5 {was necessary.}) 23... Rf7 $2 (23... f4) 24. Re1
$2 f4 {Black's kingside pawn avalanche can decide the game as White has no
counterplay.} 25. Qd1 g5 26. Qh5 Bf6 27. Ra3 Rg7 28. h3 Kh8 29. Nf3 Rg6 (29...
Nxc4 $2 30. Rxa7) 30. h4 {White can't wait and desperately tries to create
counterplay.} Nf7 (30... Nxc4 31. hxg5) 31. hxg5 Bxg5 32. Nxg5 {The exchange
of this "bad" bishop looks strange but White plans to open up the position
activating his own bishop.} ({after} 32. Qh3 Qc7 {[%cal Yg5f6,Yf7d6] White
remains with his problems.}) 32... Nxg5 $6 {A wrong decision. This knight
should control the d5 pawn.} (32... Rxg5 $142 33. Qh4 Reg8 $36 34. Qxf4 Rxg2+
35. Kf1 Qe7) 33. Kf1 $1 Qg7 34. d6 $5 {[%csl Rd6] A risky move. On d5 this
pawn was strong; on d6(d7) it will be weak!} (34. g3 $1 {was the logical
continuation of White's plan as} f3 $2 (34... fxg3 $142 35. Rxg3 Rf8 36. Ke2
$132 {[%cal Ye1g1]}) {doesn't work in view of} 35. Bc1 Rf8 36. Bxg5 Rxg5 37.
Qh1 {winning the f3 pawn.}) 34... Rd8 35. Rd3 $2 (35. Rd1 $142 $1 {(not an
easy move!)} Rh6 (35... Nf7 36. Rxa7) 36. Qg4 Rh1+ 37. Ke2 Rxd1 38. Kxd1 Qe7 (
38... Rxd6+ 39. Kc2 Nf7 40. Qc8+ Rd8 41. Qf5 $36) 39. Kc1 Qxd6 40. Rd3 $1 {
Justly, after} Qxd3 41. Bxe5+ Kg8 42. Qxg5+ Kf7 {White can't win:} 43. Qg7+ Ke8
44. Qg8+ Ke7 45. Qxh7+ Ke8 46. Qg6+ Ke7 47. Bf6+ Kd7 48. Qf5+ Kc6 49. Qe6+ Kb7
50. Bxd8 Qf1+ {with perpetual check.}) 35... Nf7 36. d7 Kg8 $2 ({Why not} 36...
Rxg2 $17 {?}) 37. Qh3 $13 Qf6 38. Red1 Rg5 39. Rd5 h6 40. R1d3 Kf8 41. Rf3 $2 {
A suicidal move leading to material losses.} Qg6 42. Rd1 $4 (42. Rd1 $4 Rh5 $19
) 0-1